The power of prayer : (Record no. 3321)
[ view plain ]
| 000 -LEADER | |
|---|---|
| fixed length control field | 00779nam a2200265Ia 4500 |
| 001 - CONTROL NUMBER | |
| control field | 12136 |
| 003 - CONTROL NUMBER IDENTIFIER | |
| control field | GBCCL |
| 005 - DATE AND TIME OF LATEST TRANSACTION | |
| control field | 20241126110452.0 |
| 008 - FIXED-LENGTH DATA ELEMENTS--GENERAL INFORMATION | |
| fixed length control field | 811007r19711924miu 00010 eng d |
| 010 ## - | |
| -- | 74156243 |
| 035 ## - SYSTEM CONTROL NUMBER | |
| System control number | OCM07826739 |
| 040 ## - CATALOGING SOURCE | |
| Original cataloging agency | MOG |
| Transcribing agency | MOG |
| Modifying agency | LBB |
| 049 ## - | |
| -- | LBBK |
| 082 ## - DEWEY DECIMAL CLASSIFICATION NUMBER | |
| Classification number | 248.32 |
| Item number | TOR |
| 090 ## - LOCALLY ASSIGNED LC-TYPE CALL NUMBER (OCLC); LOCAL CALL NUMBER (RLIN) | |
| Classification number (OCLC) (R) ; Classification number, CALL (RLIN) (NR) | BV210 |
| Local cutter number (OCLC) ; Book number/undivided call number, CALL (RLIN) | .T6 1971 |
| 092 ## - LOCALLY ASSIGNED DEWEY CALL NUMBER (OCLC) | |
| Classification number | 248.32 |
| Item number | T694, 1971 |
| 100 10 - MAIN ENTRY--PERSONAL NAME | |
| Personal name | Torrey, R. A. |
| Fuller form of name | (Reuben Archer), |
| Dates associated with a name | 1856-1928. |
| 9 (RLIN) | 598 |
| 245 14 - TITLE STATEMENT | |
| Title | The power of prayer : |
| Remainder of title | and the prayer of power / |
| Statement of responsibility, etc. | by R. A. Torrey. |
| 250 ## - EDITION STATEMENT | |
| Edition statement | Zondervan Books ed. |
| 260 0# - PUBLICATION, DISTRIBUTION, ETC. | |
| Place of publication, distribution, etc. | Grand Rapids, Mich. : |
| Name of publisher, distributor, etc. | Zondervan Pub. House, |
| Date of publication, distribution, etc. | 1971, c1924. |
| 300 ## - PHYSICAL DESCRIPTION | |
| Extent | 191 p. ; |
| Dimensions | 18 cm. |
| 650 #0 - SUBJECT ADDED ENTRY--TOPICAL TERM | |
| Topical term or geographic name entry element | Prayer. |
| 9 (RLIN) | 332 |
| 870 19 - VARIANT PERSONAL NAME (SE) [OBSOLETE] | |
| Tag and sequence number | 100/1 |
| Personal name | Torrey, Reuben Archer, |
| Dates associated with a name | 1856-1928. |
| 942 ## - ADDED ENTRY ELEMENTS (KOHA) | |
| Source of classification or shelving scheme | Dewey Decimal Classification |
| Koha item type | Books |
| Koha issues (borrowed), all copies | 2 |
| Withdrawn status | Lost status | Source of classification or shelving scheme | Damaged status | Not for loan | Home library | Current Library | Shelving location | Date acquired | Total checkouts | Full call number | Barcode | Date last seen | Date last checked out | Copy number | Price effective from | Koha item type |
|---|---|---|---|---|---|---|---|---|---|---|---|---|---|---|---|---|
| Dewey Decimal Classification | GRACE BIBLE COLLEGE | GRACE BIBLE COLLEGE | Ministry & Mission | 2017-11-24 | 1 | 248.32 TOR | 003983 | 2025-05-01 | 2023-03-13 | c.1 | 2017-11-24 | Books | ||||
| Dewey Decimal Classification | GRACE BIBLE COLLEGE | GRACE BIBLE COLLEGE | Ministry & Mission | 2018-01-19 | 1 | 248.32 TOR | 003986 | 2025-05-01 | 2019-01-16 | c.2 | 2018-01-19 | Books |